000 00941cam a2200313 c 4500
001 a497
003 DO-SdBNP
005 20220606110231.0
007 a497
008 110103s2010 sp a | |||| 001 0bspa
015 _a
017 _a
_b
020 _a9788430607952
035 _a
040 _aBPMSU
_bspa
_cBPMSU
_e
080 _a
082 4 _a923.1
_bI74B 2010
_222
100 1 _aBurdiel, Isabel
_d1958-
245 1 0 _aIsabel II :
_h
_buna biografía (1830-1904) /
_cIsabel Burdiel
260 _aMadrid :
_bSantillana,
_c2010
300 _a943 p., [28] p. de lám.;
_c25 cm.
490 0 _aMemorias y biografías /Taurus
500 _aÍndice
590 _6Inventariado, 2022/VM
600 1 4 _aIsabel
_bII,
_cReina de España
_d1833-1904.
_vBiografías
_2
600 1 4 _aISABEL
_bII
_cLa Católica, reina de España
_d1451-1504
_vBiografías
910 _aVMateo V./Validado. Control de calidad MFF
942 _2ddc
_cBK
999 _c11180
_d11180